000 00711nam a2200253Ia 4500
003 OSt
005 20220918205237.0
006 a|||||r|||| 00| 0
007 ta
008 220917b |||||||| |||| 00| 0 eng d
024 _a115,867
037 _cTextual
040 _aARTS
_cARTS
_beng
041 _2eng
_aeng
082 _aV611.L, L0
100 _aKatoke Israel K
_9114565
245 0 _aMaking of the Karagwe Kingdom
_b Tanzanian history from oral traditions
260 _aNairobi
_bEast Africa
_c1970
300 _a32p.
_ccm.
490 _aHistorical assocation of Tanzania; 8
650 _aHISTORY
942 _hV611.L, L0
_cTEXL
_2CC
999 _c239196
_d239196